000
00323nam a22001457a 4500
008
210308b ||||| |||| 00| 0 eng d
020
_a
072166556
041
_a
eng
080
_a
616
_b
616
082
_2
616
100
_a
9
101
_a
PAT
245
_a
Occuoational Lung Diseases
_c
Morgan and Seaton
942
_2
udc
_c
BK
999
_c
55914
_d
55914